000 00999nam a2200277Ia 4500
003 OSt
005 20220923211225.0
006 a|||||r|||| 00| 0
007 ta
008 220922b |||||||| |||| 00| 0 hin d
020 _a9788170288077 (hbk)
_c175
024 _a324,832
037 _b397, 12/03/2018, Eastern Book Linkers
_cTextual
040 _aARTS
_cARTS
_bhin
041 _2hin
_ahin
082 _aO152,3N37x, P9
100 _aकिशोर, गिरिराज, ले.
245 0 _aदुश्मन ओर दुश्मन
246 _aDushhin or dushhina
260 _aदिल्ली
_b राजपाल एण्ड सन्ज़
_c2009
300 _a151पृ.
_ccm.
650 _a हिन्दी साहित्य
_9156264
650 _aहिन्दी कहानी
942 _hO152,3N37x, P9
_cTEXL
_2CC
999 _c297228
_d297228